| 000 | 00779nam a2200217 i 4500 | ||
|---|---|---|---|
| 001 | 153920 | ||
| 003 | ES-MaACL | ||
| 005 | 20250809012304.0 | ||
| 008 | 990923s1894 sp |||| | spa d | ||
| 040 |
_aCCPB | B _bspa _cCCPB | B |
||
| 110 | 1 |
_aEspaña. _bMinisterio de Hacienda. _93874 |
|
| 245 | 1 | 0 |
_aOrdenanzas generales de la renta de aduanas _b: aprobadas por Real Decreto de 15 de octubre de 1894. |
| 250 | _aEd. oficial. | ||
| 260 |
_aMadrid : _b[s.n.], _c1894 ( _fImp., Lit. y Enc. de Leonardo Miñón é Hijos) |
||
| 300 |
_aV, [1], 607 p. ; _c27 cm. |
||
| 597 | _aAntep. | ||
| 597 | _aPort. con esc. real xil. | ||
| 650 | 0 |
_aAduanas- _xDerecho y legislación- _zEspaña _9241668 |
|
| 852 |
_aES-MaACL _jG-6010 _z-- Enc. tela |
||
| 999 |
_c153920 _d153920 |
||